000 00589nam a2200217Ia 4500
003 GCL
008 140319s9999 xx 000 0 eng d
020 _a8185063753
040 _aGCL /
_cGCL
082 0 4 _a305.4
_bW K
100 1 _aKHAN, MAULANA WAHIDUDDIN
245 1 0 _aWOMAN BETWEEN ISLAM AND WESTERN SOCIETY /
_cKHAN, MAULANA WAHIDUDDIN
260 _aالهند :
_bGOODWORD BOOKS
300 _a20 CM ؛
_c257 P
650 0 4 _aWOMEN
650 0 4 _aWOMEN - RELIGION
650 0 4 _aWOMEN - RIGHTS
650 0 4 _aWOMEN - DEVELOPMENT
650 0 4 _aWOMEN - SOCIALISM
942 _2ddc
_cBK
999 _c5753
_d5753